000 00734nam a2200229 i 4500
001 13028
003 ES-MaACL
005 20230906150455.0
007 t|
008 971117s1994 fr ||||1| spa d
020 _a92-3-303042-3
080 _a608.3
245 0 0 _aNociones sobre patentes de invención para investigadores universitarios /
_ccoordinador: Alberto Bercovitz.
260 _aParis :
_bUNESCO :
_bCRE-Columbus,
_ccop. 1994.
300 _a234 p. ;
_c24 cm.
490 1 _aLa biblioteca del investigador
650 1 4 _aPatentes de invención.
_915883
700 1 _aBercovitz, Alberto.
_927856
830 0 _aLa biblioteca del investigador
_9228374
852 _aES-MaACL
_jL-20434
_bR.124681
999 _c13028
_d13028